00211nam a2200085Ia 4500008004100000041000800041100001400049245002400063260003800087231107s2011 xx 000 0 und d aeng aHale Gill aThe Feng Shui Bible aBacelonabHermes House Pub.c2011